| LEADER 00000nam 2200000uu 4500 |
| 008 111128s2554||||th 000 0 tha d |
| 024 9786161106782
|
| 040 ^aBcnkk.
|
| 041 0 ^aThai.
|
| 060 0 ^aอ DS 586 ร146 2554.
|
| 245 00 ^aร่มเกล้า ปกฟ้า สาธารณสุขไทย./[คณะบรรณาธิการ จุรีภรณ์ บุณยวงศ์วิโรจน์...และคนอื่นๆ].
|
| 260 ^aนนทบุรี : ^bกรมวิทยาศาสตร์การแพทย์ กระทรวงสาธารณสุข,^c2554.
|
| 300 ^aจำนวน 163 หน้า ;^bภาพประกอบ.
|
| 650 0 ^aภูมิพลอดุลยเดช, พระบาทสมเด็จพระเจ้าอยู่หัว ^xพระราชกรณียกิจ ^xการแพทย์.
|
| 650 0 ^aโครงการอันเนื่องมาจากพระราชดำริ. ^xการแพทย์.
|
| 650 0 ^aสาธารณสุข. ^xไทย.
|
| 700 0 ^aจุรีภรณ์ บุณยวงศ์วิโรจน์,บรรณาธิการ.
|
| 710 1 ^aกรมวิทยาศาสตร์การแพทย์.
|
| 999 ^aใช้งานได้ทุกระบบ
|